000 00550nam a2200181 4500
001 123586
003 ES-MaACL
005 20250602063227.0
007 t|
008 070214s1971 sp r ||||1| spa d
100 1 _aRahner, Karl,
_d1904-1984
_995012
245 1 0 _aMeditaciones sobre los Ejercicios de San Ignacio /
_cKarl Rahner ; versión de J. Blajot.
260 _aBarcelona :
_bHerder,
_c1971.
300 _a273 p. ;
_c22 cm.
700 0 _aBlajot, Jorge.
_929095
852 _aES-MaACL
_jC-45177
_bR.79265
999 _c123586
_d123586